Electricity and magnetism
שמור ב:
| מחבר ראשי: | |
|---|---|
| פורמט: | ספר |
| שפה: | אנגלית |
| יצא לאור: |
Nueva York
McGraw-Hill
1965
|
| סדרה: | Berkeley Physics Course, 2
|
| נושאים: | |
| תגים: |
הוספת תג
אין תגיות, היה/י הראשונ/ה לתייג את הרשומה!
|
MARC
| LEADER | 00000nam a2200000 a 4500 | ||
|---|---|---|---|
| 001 | UCQ7883 | ||
| 003 | CL-VaPUC | ||
| 005 | 20241001132741.0 | ||
| 008 | 981121e19650000US |||||||||||||||||eng|d | ||
| 999 | |c 277262 |d 277260 | ||
| 040 | |c Pontificia Universidad Católica de Valparaíso | ||
| 082 | 0 | 4 | |a 537 |b PUR |2 21 |
| 100 | 0 | |a Purcell, Edward M |e author |9 421665 | |
| 245 | 1 | 0 | |a Electricity and magnetism |
| 260 | |a Nueva York |b McGraw-Hill |c 1965 | ||
| 300 | |a 459 p | ||
| 490 | 0 | |a Berkeley Physics Course, 2 | |
| 583 | |a last modification |c 19981121 00:00:00 |k Rodrigo Vera | ||
| 650 | 0 | |a Inducción Electromagnética |9 260222 | |
| 650 | 0 | |a Corriente Alterna |9 260123 | |
| 650 | 7 | |a Ondas Electromagnéticas |2 CL-VaPUC |9 421666 |x Ecuaciones de Maxwell | |
| 650 | 7 | |a Campos Eléctricos |2 CL-VaPUC |9 421667 | |
| 650 | 7 | |a Campos Magnéticos |2 CL-VaPUC |9 421668 | |
| 650 | 0 | |a Magnetismo |9 260336 | |
| 942 | |c BK |2 ddc | ||
| 945 | |d 19981121 00:00:00 |a lriquelm | ||
| 952 | |0 0 |1 0 |4 0 |6 537_000000000000000_PUR_1965 |7 0 |8 A |9 315141 |a BIBMAT |b BIBMAT |d 2019-11-20 |i 1494457 |o 537 PUR 1965 |p 1494457 |r 2025-01-07 |w 2019-11-20 |y BK |k MAT | ||
| 952 | |0 0 |1 0 |4 0 |6 537_000000000000000_PUR_1965 |7 0 |8 A |9 315142 |a BIBCUR |b BIBCUR |d 2019-11-20 |i 358142K |l 3 |m 1 |o 537 PUR 1965 |p 358142K |r 2025-04-22 |s 2024-08-08 |w 2019-11-20 |y BK |k BCB | ||